[Event "Asian Nations Cup"]
[Site "http://asianchess.com/live/mnations/anco/"]
[Date "2016.04.01"]
[Round "5"]
[Board "1"]
[White "Khusenkhojaev, Muhammad"]
[Black "Shrestha, Bilam Lal"]
[Result "1-0"]
[WhiteElo "2416"]
[BlackElo "2026"]
[PlyCount "0"]
[EventDate "2016.03.28"]
[EventType "team"]
[EventRounds "9"]
[EventCountry "UAE"]
[WhiteTeam "Tajikistan"]
[BlackTeam "Nepal"]

1. d4 {[%clk 1:30:55]} Nf6 {[%clk 1:30:27]} 2. Nf3 {[%clk 1:31:12]} d6
{[%clk 1:30:01]} 3. g3 {[%clk 1:31:31]} g6 {[%clk 1:30:20]} 4. Bg2
{[%clk 1:31:56]} Bg7 {[%clk 1:30:39]} 5. c4 {[%clk 1:32:18]} O-O {[%clk 1:31:01]}
6. O-O {[%clk 1:32:38]} c5 {[%clk 1:31:09]} 7. Nc3 {[%clk 1:32:54]} cxd4
{[%clk 1:27:43]} 8. Nxd4 {[%clk 1:33:14]} Nbd7 {[%clk 1:28:09]} 9. h3
{[%clk 1:32:31]} Rb8 {[%clk 1:28:29]} 10. Be3 {[%clk 1:32:37]} a6
{[%clk 1:28:04]} 11. Qd2 {[%clk 1:31:07]} Re8 {[%clk 1:28:03]} 12. Rac1
{[%clk 1:30:42]} Ne5 {[%clk 1:28:03]} 13. b3 {[%clk 1:30:56]} Bd7
{[%clk 1:28:19]} 14. Rfd1 {[%clk 1:30:34]} Nc6 {[%clk 1:25:37]} 15. c5
{[%clk 1:30:49]} dxc5 {[%clk 1:20:05]} 16. Nxc6 {[%clk 1:31:06]} Bxc6
{[%clk 1:20:14]} 17. Bxc6 {[%clk 1:31:18]} bxc6 {[%clk 1:19:36]} 18. Qxd8
{[%clk 1:28:58]} Rbxd8 {[%clk 1:19:49]} 19. Bxc5 {[%clk 1:29:06]} e6
{[%clk 1:18:02]} 20. Rxd8 {[%clk 1:27:40]} Rxd8 {[%clk 1:18:23]} 21. Be7
{[%clk 1:27:57]} Rc8 {[%clk 1:18:29]} 22. Bxf6 {[%clk 1:27:07]} Bxf6
{[%clk 1:18:56]} 23. Na4 {[%clk 1:27:09]} Be7 {[%clk 1:18:48]} 24. e4
{[%clk 1:25:40]} Kg7 {[%clk 1:16:39]} 25. Kf1 {[%clk 1:26:01]} h5
{[%clk 1:16:45]} 26. Ke2 {[%clk 1:24:50]} g5 {[%clk 1:15:45]} 27. e5
{[%clk 1:24:57]} f5 {[%clk 1:15:17]} 28. Rd1 {[%clk 1:21:33]} Rc7
{[%clk 1:14:37]} 29. f3 {[%clk 1:17:37]} Kf7 {[%clk 1:10:29]} 30. Rd4
{[%clk 1:14:25]} Ke8 {[%clk 1:09:37]} 31. Nb2 {[%clk 1:13:41]} c5
{[%clk 1:05:41]} 32. Ra4 {[%clk 1:14:07]} Ra7 {[%clk 1:05:31]} 33. Nd3
{[%clk 1:05:39]} Kd7 {[%clk 1:05:00]} 34. h4 {[%clk 1:06:01]} gxh4
{[%clk 0:57:47]} 35. gxh4 {[%clk 1:06:23]} Ra8 {[%clk 0:58:00]} 36. Nf4
{[%clk 1:03:42]} Bxh4 {[%clk 0:57:41]} 37. Nxh5 {[%clk 1:04:08]} Be7
{[%clk 0:57:57]} 38. Nf4 {[%clk 1:03:36]} Bd8 {[%clk 0:55:31]} 39. Rc4
{[%clk 1:00:35]} Bb6 {[%clk 0:54:57]} 40. Rc1 {[%clk 1:00:03]} a5
{[%clk 0:51:18]} 41. Rd1+ {[%clk 0:59:55]} Ke7 {[%clk 0:50:59]} 42. Rd6
{[%clk 0:59:19]} Bc7 {[%clk 0:51:28]} 43. Rxe6+ {[%clk 0:59:26]} Kd7
{[%clk 0:51:34]} 44. Nd5 {[%clk 0:59:51]} Rh8 {[%clk 0:50:27]} 45. Re7+
{[%clk 0:59:51]} Kc6 {[%clk 0:50:56]} 46. Nxc7 {[%clk 1:00:10]} Rh2+
{[%clk 0:51:14]} 47. Ke3 {[%clk 1:00:08]} Rxa2 {[%clk 0:51:42]} 48. e6
{[%clk 1:00:23]} Ra1 {[%clk 0:51:31]} 49. Kf4 {[%clk 1:00:30]} Rb1
{[%clk 0:51:00]} 50. Rh7 {[%clk 1:00:41]} Kd5 51. Ke4+ 1-0

[Event "Asian Nations Cup"]
[Site "http://asianchess.com/live/mnations/anco/"]
[Date "2016.04.02"]
[Round "6"]
[Board "1"]
[White "Adhiban, B."]
[Black "Ghaem Maghami, Ehsan"]
[Result "1-0"]
[WhiteElo "2663"]
[BlackElo "2549"]
[PlyCount "0"]
[EventDate "2016.03.28"]
[EventType "team"]
[EventRounds "9"]
[EventCountry "UAE"]
[WhiteTeam "India"]
[BlackTeam "Iran"]

1. d4 {[%clk 1:30:49]} Nf6 {[%clk 1:30:39]} 2. c4 {[%clk 1:31:18]} e6
{[%clk 1:31:04]} 3. Nc3 {[%clk 1:31:44]} Bb4 {[%clk 1:31:13]} 4. Nf3
{[%clk 1:32:11]} b6 {[%clk 1:30:46]} 5. e3 {[%clk 1:32:36]} Ne4 {[%clk 1:27:17]}
6. Bd2 {[%clk 1:31:53]} Nxd2 {[%clk 1:21:24]} 7. Qxd2 {[%clk 1:32:14]} Bb7
{[%clk 1:21:45]} 8. Be2 {[%clk 1:29:02]} O-O {[%clk 1:20:56]} 9. O-O
{[%clk 1:29:04]} d6 {[%clk 1:09:41]} 10. a3 {[%clk 1:28:11]} Bxc3
{[%clk 1:10:03]} 11. Qxc3 {[%clk 1:28:39]} Nd7 {[%clk 1:10:19]} 12. Rfd1
{[%clk 1:23:00]} Qe7 {[%clk 0:59:44]} 13. Nd2 {[%clk 0:59:48]} c5
{[%clk 0:53:27]} 14. Bf3 {[%clk 1:00:11]} Nf6 {[%clk 0:46:16]} 15. b4
{[%clk 0:57:55]} cxd4 {[%clk 0:25:54]} 16. exd4 {[%clk 0:57:08]} Rfc8
{[%clk 0:24:16]} 17. h3 {[%clk 0:53:16]} Qc7 {[%clk 0:20:17]} 18. Rdc1
{[%clk 0:49:06]} Bxf3 {[%clk 0:18:05]} 19. Qxf3 {[%clk 0:47:22]} e5
{[%clk 0:14:40]} 20. dxe5 {[%clk 0:45:02]} dxe5 {[%clk 0:15:03]} 21. c5
{[%clk 0:45:25]} Qd7 {[%clk 0:12:57]} 22. Nc4 {[%clk 0:37:04]} e4
{[%clk 0:12:18]} 23. Qg3 {[%clk 0:37:17]} bxc5 {[%clk 0:10:38]} 24. Nd6
{[%clk 0:37:44]} Rc6 {[%clk 0:10:16]} 25. bxc5 {[%clk 0:38:03]} Qe6
{[%clk 0:08:03]} 26. Rab1 {[%clk 0:31:59]} Ne8 {[%clk 0:05:02]} 27. Nb5
{[%clk 0:18:26]} Qe7 {[%clk 0:05:05]} 28. Qe3 {[%clk 0:14:07]} a6
{[%clk 0:05:02]} 29. Nd4 {[%clk 0:12:58]} Rxc5 {[%clk 0:05:26]} 30. Rxc5
{[%clk 0:13:25]} Qxc5 {[%clk 0:05:51]} 31. Qxe4 {[%clk 0:11:06]} Rd8
{[%clk 0:05:25]} 32. Nc6 {[%clk 0:11:09]} Nf6 {[%clk 0:04:19]} 33. Qe7
{[%clk 0:11:28]} Qxe7 {[%clk 0:04:06]} 34. Nxe7+ {[%clk 0:11:56]} Kf8
{[%clk 0:04:12]} 35. Nc6 {[%clk 0:12:25]} Ra8 {[%clk 0:01:40]} 36. Rb7
{[%clk 0:10:42]} Nd5 {[%clk 0:01:01]} 37. Ne5 {[%clk 0:09:56]} Ne7
{[%clk 0:00:53]} 38. Nd7+ {[%clk 0:09:54]} Ke8 {[%clk 0:01:22]} 39. Nb6
{[%clk 0:09:53]} Rd8 {[%clk 0:01:40]} 40. Ra7 {[%clk 0:10:18]} Rd1+
{[%clk 0:00:36]} 41. Kh2 {[%clk 0:09:26]} Nf5 {[%clk 0:29:57]} 42. Rxa6
{[%clk 0:33:59]} Rd2 {[%clk 0:27:54]} 43. Kg1 {[%clk 0:34:24]} Rd1+
{[%clk 0:28:19]} 44. Kh2 {[%clk 0:34:52]} Rd2 {[%clk 0:28:45]} 45. Ra5
{[%clk 0:33:06]} g6 {[%clk 0:22:49]} 46. g4 {[%clk 0:27:31]} Ng7 {[%clk 0:22:47]}
47. Kg2 {[%clk 0:20:36]} Ne6 {[%clk 0:20:43]} 48. Nc4 {[%clk 0:20:54]} Rc2
{[%clk 0:16:33]} 49. Ra8+ {[%clk 0:19:54]} Ke7 {[%clk 0:16:16]} 50. Ra7+
{[%clk 0:20:23]} Kf6 {[%clk 0:16:12]} 51. Nd6 {[%clk 0:19:28]} Nf4+
{[%clk 0:12:47]} 52. Kg3 {[%clk 0:16:43]} Ne2+ {[%clk 0:11:39]} 53. Kf3
{[%clk 0:16:57]} Ng1+ {[%clk 0:11:57]} 54. Kg2 {[%clk 0:17:13]} Ne2
{[%clk 0:12:14]} 55. Ne4+ {[%clk 0:14:40]} Ke5 {[%clk 0:12:01]} 56. Re7+
{[%clk 0:13:01]} Kd4 {[%clk 0:10:49]} 57. Ng5 {[%clk 0:12:33]} h5
{[%clk 0:09:10]} 58. Rxf7 {[%clk 0:11:51]} Ra2 {[%clk 0:06:31]} 59. Re7
{[%clk 0:09:21]} hxg4 {[%clk 0:04:24]} 60. hxg4 {[%clk 0:09:48]} Nf4+
{[%clk 0:04:46]} 61. Kg3 {[%clk 0:09:53]} Nd3 {[%clk 0:04:37]} 62. Ne6+
{[%clk 0:06:38]} Kc4 {[%clk 0:02:56]} 63. Rc7+ {[%clk 0:06:20]} Kd5
{[%clk 0:02:49]} 64. Rd7+ {[%clk 0:04:28]} Kc4 {[%clk 0:03:12]} 65. Rc7+
{[%clk 0:02:48]} Kd5 {[%clk 0:03:39]} 66. Nf4+ {[%clk 0:03:12]} Kd6
{[%clk 0:03:59]} 67. Ra7 {[%clk 0:03:28]} Nxf2 {[%clk 0:03:56]} 68. Nxg6
{[%clk 0:03:52]} Kd5 {[%clk 0:03:17]} 69. Ne7+ {[%clk 0:00:46]} Kc4
{[%clk 0:01:17]} 70. a4 {[%clk 0:01:08]} Ne4+ {[%clk 0:00:54]} 71. Kf4
{[%clk 0:01:28]} Nc5 {[%clk 0:01:16]} 72. g5 {[%clk 0:01:22]} Rf2+
{[%clk 0:01:20]} 73. Ke3 {[%clk 0:01:21]} Rg2 {[%clk 0:01:14]} 74. g6
{[%clk 0:01:50]} Rg5 {[%clk 0:00:44]} 75. Rc7 {[%clk 0:01:10]} Kb3
{[%clk 0:00:36]} 76. a5 {[%clk 0:01:03]} Ka4 {[%clk 0:00:40]} 77. Ra7
{[%clk 0:00:42]} Kb5 {[%clk 0:00

[Event "Asian Nations Cup"]
[Site "http://asianchess.com/live/mnations/anco/"]
[Date "2016.04.02"]
[Round "6"]
[Board "4"]
[White "Khusnutdinov, Rustam"]
[Black "Hossain, Enamul"]
[Result "1-0"]
[WhiteElo "2496"]
[BlackElo "2426"]
[PlyCount "0"]
[EventDate "2016.03.28"]
[EventType "team"]
[EventRounds "9"]
[EventCountry "UAE"]
[WhiteTeam "Kazakhstan"]
[BlackTeam "Bangladesh"]

1. e4 {[%clk 1:30:57]} c5 {[%clk 1:30:23]} 2. Nf3 {[%clk 1:31:13]} e6
{[%clk 1:30:41]} 3. d4 {[%clk 1:30:40]} cxd4 {[%clk 1:31:02]} 4. Nxd4
{[%clk 1:31:07]} Nc6 {[%clk 1:31:23]} 5. Nc3 {[%clk 1:31:00]} Qc7
{[%clk 1:31:41]} 6. Be3 {[%clk 1:31:05]} a6 {[%clk 1:31:55]} 7. Qf3
{[%clk 1:31:01]} Nf6 {[%clk 1:30:43]} 8. O-O-O {[%clk 1:30:30]} Ne5
{[%clk 1:28:40]} 9. Qg3 {[%clk 1:28:31]} b5 {[%clk 1:27:44]} 10. f4
{[%clk 1:16:02]} Neg4 {[%clk 1:26:13]} 11. Bg1 {[%clk 1:13:39]} b4
{[%clk 1:25:26]} 12. Nb1 {[%clk 1:13:04]} e5 {[%clk 1:24:12]} 13. fxe5
{[%clk 1:09:38]} Nxe5 {[%clk 1:24:24]} 14. Nf3 {[%clk 0:55:47]} d6
{[%clk 1:24:05]} 15. Bd4 {[%clk 0:56:10]} Nfd7 {[%clk 1:15:05]} 16. Nbd2
{[%clk 0:56:03]} Bb7 {[%clk 1:12:53]} 17. Bxe5 {[%clk 0:45:30]} dxe5
{[%clk 1:02:41]} 18. Bc4 {[%clk 0:45:17]} f6 {[%clk 1:02:06]} 19. Nd4
{[%clk 0:44:08]} Nc5 {[%clk 0:52:57]} 20. Ne6 {[%clk 0:41:57]} Nxe6
{[%clk 0:52:05]} 21. Bxe6 {[%clk 0:42:24]} Bc5 {[%clk 0:44:19]} 22. Qg4
{[%clk 0:31:37]} Bc6 {[%clk 0:22:42]} 23. Nb3 {[%clk 0:27:02]} Bb6
{[%clk 0:22:08]} 24. Kb1 {[%clk 0:23:15]} Kf8 {[%clk 0:19:31]} 25. Rhf1
{[%clk 0:13:08]} Re8 {[%clk 0:17:06]} 26. Bd7 {[%clk 0:07:41]} Re7
{[%clk 0:16:16]} 27. Bxc6 {[%clk 0:07:53]} Qxc6 {[%clk 0:16:44]} 28. Rd2
{[%clk 0:08:01]} Kf7 {[%clk 0:14:05]} 29. Qh5+ {[%clk 0:05:20]} g6
{[%clk 0:10:46]} 30. Qd1 {[%clk 0:05:46]} Bc7 {[%clk 0:11:02]} 31. Rdf2
{[%clk 0:05:14]} Rd8 {[%clk 0:08:59]} 32. Qe1 {[%clk 0:04:19]} Red7
{[%clk 0:07:43]} 33. Qxb4 {[%clk 0:03:04]} Rd1+ {[%clk 0:07:22]} 34. Nc1
{[%clk 0:03:32]} Rxf1 {[%clk 0:04:27]} 35. Rxf1 {[%clk 0:03:53]} Rd4
{[%clk 0:04:22]} 36. Qb3+ {[%clk 0:03:23]} Kg7 {[%clk 0:04:47]} 37. Qf3
{[%clk 0:02:32]} Rxe4 {[%clk 0:03:52]} 38. b3 {[%clk 0:02:54]} Ba5
{[%clk 0:03:12]} 39. Nd3 {[%clk 0:02:14]} Bc3 {[%clk 0:03:09]} 40. g4
{[%clk 0:01:28]} a5 {[%clk 0:01:25]} 41. a4 {[%clk 0:01:04]} Qd6 {[%clk 0:23:36]}
42. Nf2 {[%clk 0:20:54]} Re1+ {[%clk 0:17:31]} 43. Rxe1 {[%clk 0:20:31]} Bxe1
{[%clk 0:17:59]} 44. Ne4 {[%clk 0:19:26]} Qc6 {[%clk 0:17:22]} 45. Qe3
{[%clk 0:11:28]} Bb4 {[%clk 0:17:10]} 46. g5 {[%clk 0:09:52]} fxg5
{[%clk 0:15:18]} 47. Nxg5 {[%clk 0:08:30]} Qd5 {[%clk 0:14:48]} 48. Ka2
{[%clk 0:02:46]} Bd2 {[%clk 0:06:31]} 49. Qe4 {[%clk 0:01:44]} Qxe4
{[%clk 0:05:30]} 50. Nxe4 {[%clk 0:02:11]} Bb4 {[%clk 0:05:48]} 51. c3
{[%clk 0:02:13]} Be7 {[%clk 0:06:15]} 52. b4 {[%clk 0:01:54]} Bd8
{[%clk 0:03:26]} 53. Kb3 {[%clk 0:02:08]} Kf7 {[%clk 0:03:20]} 54. Kc4
{[%clk 0:02:08]} Ke6 {[%clk 0:03:44]} 55. Kd3 {[%clk 0:01:24]} h6
{[%clk 0:03:56]} 56. b5 {[%clk 0:01:20]} g5 {[%clk 0:04:04]} 57. c4
{[%clk 0:01:41]} g4 {[%clk 0:04:15]} 58. Ng3 {[%clk 0:01:17]} Bb6
{[%clk 0:04:35]} 59. Ke4 {[%clk 0:00:58]} Bg1 {[%clk 0:04:46]} 60. Nf5
{[%clk 0:00:52]} Bxh2 {[%clk 0:04:38]} 61. c5 {[%clk 0:00:52]} Bg1
{[%clk 0:04:03]} 62. c6 {[%clk 0:00:47]} Bb6 {[%clk 0:02:43]} 63. Nxh6
{[%clk 0:00:52]} g3 {[%clk 0:03:08]} 64. Kf3 {[%clk 0:01:18]} e4+
{[%clk 0:01:58]} 65. Kxg3 {[%clk 0:01:28]} Ke5 {[%clk 0:02:23]} 66. Ng4+
{[%clk 0:01:07]} Kf5 {[%clk 0:01:53]} 67. Nh6+ {[%clk 0:00:58]} Kg6
{[%clk 0:02:04]} 68. Ng4 {[%clk 0:01:23]} Kf5 {[%clk 0:02:27]} 69. Nh6+
{[%clk 0:01:32]} Ke5 {[%clk 0:02:13]} 70. Ng4+ {[%clk 0:01:45]} Kd4
{[%clk 0:02:26]} 71. Kf4 {[%clk 0:01:41]} Kc4 {[%clk 0:00:35]} 72. Ne3+
{[%clk 0:01:32]} Kd3 {[%clk 0:00:42]} 73. Nd5 {[%clk 0:01:44]} e3
{[%clk 0:00:32]} 74. Nxe3 {[%clk 0:01:43]} Kd4 {[%clk 0:00:34]} 75. Nf5+
{[%clk 0:00:59]} Kc4 {[%clk 0:01:03]} 76. Ne7 {[%clk 0:01:14]} Bd8
{[%clk 0:01:15]} 77. Ke4 {[%clk 0:01:35]} Kd5+ 1-0

[Event "Asian Nations Cup"]
[Site "http://asianchess.com/live/mnations/anco/"]
[Date "2016.04.02"]
[Round "6"]
[Board "1"]
[White "Nguyen, Ngoc Truong Son"]
[Black "Salem, A.R. Saleh"]
[Result "1/2-1/2"]
[WhiteElo "2649"]
[BlackElo "2615"]
[PlyCount "0"]
[EventDate "2016.03.28"]
[EventType "team"]
[EventRounds "9"]
[EventCountry "UAE"]
[WhiteTeam "Vietnam"]
[BlackTeam "UAE 1"]

1. e4 {[%clk 1:30:45]} c5 {[%clk 1:30:51]} 2. Nf3 {[%clk 1:30:57]} d6
{[%clk 1:31:12]} 3. d4 {[%clk 1:31:07]} cxd4 {[%clk 1:31:34]} 4. Nxd4
{[%clk 1:31:15]} Nf6 {[%clk 1:31:58]} 5. Nc3 {[%clk 1:31:31]} a6 {[%clk 1:32:21]}
6. h3 {[%clk 1:31:37]} e6 {[%clk 1:32:39]} 7. g4 {[%clk 1:31:55]} Nfd7
{[%clk 1:32:52]} 8. Bg2 {[%clk 1:32:02]} Be7 {[%clk 1:33:14]} 9. Be3
{[%clk 1:31:52]} O-O {[%clk 1:32:30]} 10. O-O {[%clk 1:31:33]} Nc6
{[%clk 1:26:00]} 11. Nce2 {[%clk 1:30:12]} Nde5 {[%clk 1:14:43]} 12. b3
{[%clk 1:24:35]} Ng6 {[%clk 1:14:38]} 13. f4 {[%clk 1:18:01]} Nxd4
{[%clk 1:13:49]} 14. Nxd4 {[%clk 1:18:09]} e5 {[%clk 1:13:17]} 15. Ne2
{[%clk 1:02:44]} exf4 {[%clk 1:01:29]} 16. Nxf4 {[%clk 1:03:03]} Bf6
{[%clk 1:01:35]} 17. Bd4 {[%clk 1:02:01]} Nxf4 {[%clk 0:59:49]} 18. Rxf4
{[%clk 1:02:10]} Be5 {[%clk 1:00:09]} 19. Bxe5 {[%clk 0:59:18]} dxe5
{[%clk 1:00:35]} 20. Qxd8 {[%clk 0:59:36]} Rxd8 {[%clk 1:01:03]} 21. Rf3
{[%clk 0:55:47]} Be6 {[%clk 0:56:18]} 22. Bf1 {[%clk 0:48:25]} Rd4
{[%clk 0:53:35]} 23. Rc3 {[%clk 0:36:45]} Rad8 {[%clk 0:36:58]} 24. Re1
{[%clk 0:33:43]} g5 {[%clk 0:34:03]} 25. Kf2 {[%clk 0:28:40]} Kg7
{[%clk 0:33:58]} 26. Rc7 {[%clk 0:27:37]} R8d7 {[%clk 0:18:16]} 27. Rxd7
{[%clk 0:27:37]} Bxd7 {[%clk 0:18:32]} 28. Ke3 {[%clk 0:25:58]} Rd6
{[%clk 0:15:13]} 29. Bg2 {[%clk 0:20:04]} Kf8 {[%clk 0:14:09]} 30. Rh1
{[%clk 0:12:09]} Ke7 {[%clk 0:09:08]} 31. Bf1 {[%clk 0:07:59]} Rh6
{[%clk 0:08:33]} 32. Rg1 {[%clk 0:08:10]} Rh4 {[%clk 0:07:20]} 33. Rg3
{[%clk 0:08:15]} h5 {[%clk 0:07:13]} 34. Be2 {[%clk 0:07:15]} hxg4
{[%clk 0:06:56]} 35. hxg4 {[%clk 0:07:31]} a5 {[%clk 0:04:26]} 36. Rg1
{[%clk 0:03:04]} Rh3+ {[%clk 0:04:29]} 37. Bf3 {[%clk 0:03:20]} b5
{[%clk 0:04:34]} 38. a3 {[%clk 0:03:26]} b4 {[%clk 0:04:28]} 39. axb4
{[%clk 0:03:15]} axb4 {[%clk 0:04:58]} 40. Kf2 {[%clk 0:02:17]} Rh2+
{[%clk 0:04:15]} 41. Rg2 {[%clk 0:29:59]} Rh6 {[%clk 0:28:50]} 42. Kg3
{[%clk 0:23:40]} Rd6 {[%clk 0:23:19]} 43. Kf2 {[%clk 0:21:59]} Rf6
{[%clk 0:17:03]} 44. Kg3 {[%clk 0:17:38]} Bc6 {[%clk 0:12:17]} 45. Rd2
{[%clk 0:17:21]} Rf4 {[%clk 0:10:38]} 46. Re2 {[%clk 0:17:35]} Kd6
{[%clk 0:09:02]} 47. Re3 {[%clk 0:17:37]} Bb7 {[%clk 0:07:41]} 48. Bg2
{[%clk 0:17:14]} Kc5 {[%clk 0:06:49]} 49. c3 {[%clk 0:17:38]} Bc8
{[%clk 0:06:29]} 50. Bf3 {[%clk 0:16:49]} Be6 {[%clk 0:06:58]} 51. cxb4+
{[%clk 0:07:53]} Kxb4 {[%clk 0:07:24]} 52. Re1 {[%clk 0:07:33]} Kxb3
{[%clk 0:06:34]} 53. Rg1 {[%clk 0:07:33]} Kc2 {[%clk 0:04:51]} 54. Kf2
{[%clk 0:07:51]} Rf6 {[%clk 0:05:15]} 55. Ke3 {[%clk 0:08:10]} Rh6
{[%clk 0:05:28]} 56. Ra1 {[%clk 0:06:18]} Bc4 {[%clk 0:04:46]} 57. Ra5
{[%clk 0:06:28]} Re6 {[%clk 0:05:00]} 58. Rc5 {[%clk 0:06:20]} Kb3
{[%clk 0:05:29]} 59. Rc7 {[%clk 0:05:37]} Rd6 {[%clk 0:05:41]} 60. Rc5
{[%clk 0:05:27]} f6 {[%clk 0:05:51]} 61. Rc8 {[%clk 0:05:35]} Kb4
{[%clk 0:06:01]} 62. Rc7 {[%clk 0:04:23]} Bb5 {[%clk 0:06:25]} 63. Rc8
{[%clk 0:04:21]} Bc6 {[%clk 0:05:36]} 64. Rc7 {[%clk 0:03:43]} Kc5
{[%clk 0:05:47]} 65. Rf7 {[%clk 0:03:41]} Bd7 {[%clk 0:06:01]} 66. Be2
{[%clk 0:04:03]} Bc6 {[%clk 0:05:52]} 67. Bf3 {[%clk 0:04:14]} Bb5
{[%clk 0:06:21]} 68. Rc7+ {[%clk 0:03:46]} Rc6 {[%clk 0:06:39]} 69. Rd7
{[%clk 0:03:31]} Ra6 {[%clk 0:07:07]} 70. Rd5+ {[%clk 0:03:29]} Kb4
{[%clk 0:07:36]} 71. Rd8 {[%clk 0:03:37]} Rc6 {[%clk 0:07:07]} 72. Rf8
{[%clk 0:03:53]} Kc5 {[%clk 0:07:20]} 73. Rd8 {[%clk 0:04:15]} Rd6
{[%clk 0:07:36]} 74. Rc8+ {[%clk 0:04:29]} Kb6 {[%clk 0:07:52]} 75. Rb8+
{[%clk 0:04:42]} Kc6 {[%clk 0:08:20]} 76. Rc8+ {[%clk 0:04:57]} Kd7
{[%clk 0:08:43]} 77. Rb8 {[%clk 0:05:17]} Bc4 {[%clk

[Event "Asian Nations Cup"]
[Site "http://asianchess.com/live/mnations/anco/"]
[Date "2016.04.02"]
[Round "6"]
[Board "3"]
[White "Salim, Issa Ali Shamas"]
[Black "Tamra, Attallah"]
[Result "1-0"]
[WhiteElo "2026"]
[BlackElo "2058"]
[PlyCount "0"]
[EventDate "2016.03.28"]
[EventType "team"]
[EventRounds "9"]
[EventCountry "UAE"]
[WhiteTeam "Oman"]
[BlackTeam "Palestine"]

1. d4 {[%clk 1:30:48]} Nf6 {[%clk 1:30:27]} 2. c4 {[%clk 1:31:05]} e6
{[%clk 1:30:47]} 3. Nf3 {[%clk 1:31:24]} Bb4+ {[%clk 1:31:07]} 4. Nbd2
{[%clk 1:31:30]} b6 {[%clk 1:31:13]} 5. a3 {[%clk 1:31:48]} Bxd2+
{[%clk 1:30:51]} 6. Bxd2 {[%clk 1:32:06]} h6 {[%clk 1:31:11]} 7. Bf4
{[%clk 1:32:13]} Bb7 {[%clk 1:31:32]} 8. e3 {[%clk 1:32:18]} Nh5 {[%clk 1:31:45]}
9. Bg3 {[%clk 1:32:28]} Nxg3 {[%clk 1:31:37]} 10. hxg3 {[%clk 1:32:46]} d6
{[%clk 1:31:58]} 11. d5 {[%clk 1:32:47]} Qf6 {[%clk 1:22:29]} 12. Qd2
{[%clk 1:32:15]} Nd7 {[%clk 1:22:35]} 13. Be2 {[%clk 1:31:00]} Nc5
{[%clk 1:21:54]} 14. Rd1 {[%clk 1:31:11]} a5 {[%clk 1:21:24]} 15. O-O
{[%clk 1:29:23]} O-O {[%clk 1:20:47]} 16. Qc2 {[%clk 1:29:16]} a4
{[%clk 1:19:22]} 17. Rd4 {[%clk 1:28:38]} e5 {[%clk 1:19:09]} 18. Rdd1
{[%clk 1:27:27]} Bc8 {[%clk 1:19:01]} 19. Nd2 {[%clk 1:27:33]} Bd7
{[%clk 1:12:01]} 20. e4 {[%clk 1:26:52]} Qg6 {[%clk 1:12:05]} 21. Bd3
{[%clk 1:22:18]} Qh5 {[%clk 1:07:05]} 22. Rde1 {[%clk 1:21:12]} Qg6
{[%clk 0:58:16]} 23. Nf3 {[%clk 1:20:09]} Rab8 {[%clk 0:57:40]} 24. Nh4
{[%clk 1:19:40]} Qg5 {[%clk 0:55:55]} 25. Re3 {[%clk 1:19:27]} b5
{[%clk 0:56:11]} 26. Rb1 {[%clk 1:19:00]} b4 {[%clk 0:55:04]} 27. Be2
{[%clk 1:16:41]} Rb6 {[%clk 0:53:46]} 28. Nf3 {[%clk 1:14:51]} Qe7
{[%clk 0:53:31]} 29. Ne1 {[%clk 1:15:02]} Rfb8 {[%clk 0:47:46]} 30. axb4
{[%clk 1:13:47]} Rxb4 {[%clk 0:47:40]} 31. Nd3 {[%clk 1:13:58]} Rb3
{[%clk 0:45:39]} 32. Nxc5 {[%clk 1:13:51]} Rxe3 {[%clk 0:45:57]} 33. fxe3
{[%clk 1:07:47]} dxc5 {[%clk 0:46:24]} 34. b3 {[%clk 1:07:57]} Qg5
{[%clk 0:45:59]} 35. Kf2 {[%clk 1:08:06]} Rb6 {[%clk 0:46:11]} 36. bxa4
{[%clk 1:07:25]} Bxa4 {[%clk 0:45:28]} 37. Qa2 {[%clk 1:06:25]} Rg6
{[%clk 0:44:27]} 38. Rb8+ {[%clk 1:02:06]} Kh7 {[%clk 0:44:18]} 39. Qxa4
{[%clk 1:00:59]} Qxg3+ {[%clk 0:44:34]} 40. Kf1 {[%clk 1:01:04]} Qxg2+
{[%clk 0:40:39]} 41. Ke1 {[%clk 1:01:13]} Qg1+ {[%clk 0:33:20]} 42. Kd2
{[%clk 1:01:16]} Rg3 {[%clk 0:33:30]} 43. Rb3 {[%clk 1:00:34]} Qf2
{[%clk 0:33:31]} 44. Qa1 {[%clk 0:55:56]} Rg1 {[%clk 0:31:50]} 45. Qxe5
{[%clk 0:54:40]} Rg2 {[%clk 0:31:43]} 46. Qf5+ {[%clk 0:54:41]} Qxf5
{[%clk 0:31:18]} 47. exf5 {[%clk 0:54:55]} h5 {[%clk 0:31:32]} 48. e4
{[%clk 0:54:37]} g5 {[%clk 0:31:39]} 49. e5 {[%clk 0:53:56]} Kg7 {[%clk 0:31:13]}
50. d6 {[%clk 0:53:04]} cxd6 {[%clk 0:31:29]} 51. exd6 {[%clk 0:53:27]} Kf6
{[%clk 0:30:17]} 52. Rd3 {[%clk 0:53:26]} g4 {[%clk 0:30:12]} 53. d7
{[%clk 0:53:46]} Kxf5 {[%clk 0:30:22]} 54. d8=Q {[%clk 0:54:05]} f6
{[%clk 0:29:44]} 55. Rd5+ {[%clk 0:54:11]} Kf4 {[%clk 0:29:57]} 56. Qd6+
{[%clk 0:53:39]} Ke4 {[%clk 0:29:45]} 57. Qe6+ Kxd5 1-0